[Event "Women's Speed Chess Main"]
[Site "chess.com INT"]
[Date "2021.06.18"]
[Round "1.311"]
[White "Krush,I"]
[Black "Dzagnidze,N"]
[Result "0-1"]
[WhiteElo "2429"]
[BlackElo "2524"]

1.Nf3 f5 2.g3 b6 3.Bg2 Bb7 4.O-O Nf6 5.d4 e6 6.c4 Be7 7.Nc3 O-O 8.d5 Na6
9.Nd4 Nc5 10.b4 Nce4 11.Nxe4 Nxe4 12.dxe6 Bf6 13.Bb2 dxe6 14.Rb1 Qe7 15.Qc2 c5
16.bxc5 Nxc5 17.Nf3 Be4 18.Qc1 Bxb1 19.Qxb1 Rfd8 20.Ne5 Bxe5 21.Bxe5 Rac8
22.Qb2 Nd7 23.Bf4 Rxc4 24.Rd1 Nf6 25.Rxd8+ Qxd8 26.h3 Qd1+ 27.Kh2 Rc2 28.Qb3 Qxe2
29.Be3 Qc4 30.Qa3 Qc7 31.Qd3 Rxa2 32.Bf4 Qd7 33.Qb3 Rxf2 34.Be5 Rxg2+ 35.Kxg2 Qd5+  0-1

[Event "Women's Speed Chess Main"]
[Site "chess.com INT"]
[Date "2021.06.18"]
[Round "1.17"]
[White "Krush,I"]
[Black "Dzagnidze,N"]
[Result "1-0"]
[WhiteElo "2429"]
[BlackElo "2524"]

1.d4 Nf6 2.c4 e6 3.Nc3 Bb4 4.Qc2 O-O 5.a3 Bxc3+ 6.Qxc3 b6 7.Bg5 h6 8.Bh4 Bb7
9.f3 c5 10.e4 cxd4 11.Qxd4 Nc6 12.Qc3 Nxe4 13.Bxd8 Nxc3 14.Bh4 Nd4 15.Kf2 Na4
16.Rd1 e5 17.Ne2 Nxb2 18.Rb1 Na4 19.Nxd4 exd4 20.Rd1 Rfe8 21.Rxd4 Nc5 22.Be2 Re6
23.Rhd1 Rae8 24.Bf1 Bc6 25.Bg3 Ba4 26.Rb1 Re3 27.Bd6 Rxa3 28.Bxc5 bxc5 29.Rd5 Ra2+
30.Kg3 Bc6 31.Rxc5 g6 32.h4 Kg7 33.h5 g5 34.Rf5 Re3 35.c5 a5 36.Bc4 Rc2 37.Rxf7+ Kg8
38.Re7+  1-0

[Event "Women's Speed Chess Main"]
[Site "chess.com INT"]
[Date "2021.06.18"]
[Round "1.310"]
[White "Dzagnidze,N"]
[Black "Krush,I"]
[Result "1-0"]
[WhiteElo "2524"]
[BlackElo "2429"]

1.e4 c5 2.c3 Nf6 3.e5 Nd5 4.Nf3 e6 5.d4 cxd4 6.cxd4 d6 7.Bc4 Nc6 8.O-O Be7
9.Qe2 O-O 10.Bd2 Bd7 11.Nc3 Nxc3 12.Bxc3 dxe5 13.dxe5 Qc7 14.Rac1 Rfd8 15.a3 a5
16.Ba2 Qb6 17.Bb1 Be8 18.h4 a4 19.Qe4 g6 20.h5 Na5 21.Rcd1 Rxd1 22.Rxd1 Rd8
23.Rxd8 Qxd8 24.Bc2 Bc6 25.Qg4 Nb3 26.hxg6 hxg6 27.Bxg6 fxg6 28.Qxg6+ Kf8
29.Qxe6 Qd5 30.Qf5+ Ke8 31.Qg6+ Kd7 32.Qg4+ Kc7 33.Ng5 Bxg5 34.Qxg5 Nc5 35.f3 Ne6
36.Qg4 Kb6 37.Kh2 Ka6 38.Qf5 Bd7 39.Qg6 Bc6 40.Qh6 Nc5 41.Qf6 Ne6 42.Qf5 Kb5
43.Qg4 Nc5 44.Qb4+ Ka6 45.Qa5+  1-0

[Event "Women's Speed Chess Main"]
[Site "chess.com INT"]
[Date "2021.06.18"]
[Round "1.38"]
[White "Krush,I"]
[Black "Dzagnidze,N"]
[Result "1-0"]
[WhiteElo "2429"]
[BlackElo "2524"]

1.Nf3 Nf6 2.g3 d5 3.Bg2 c5 4.O-O Nc6 5.d3 e6 6.Nbd2 b6 7.e4 Bb7 8.c3 Be7
9.Qe2 O-O 10.e5 Nd7 11.Re1 Rc8 12.Nf1 Qc7 13.Bf4 d4 14.c4 a6 15.h4 b5 16.b3 bxc4
17.bxc4 Rb8 18.N1h2 Ba8 19.Ng4 Rb4 20.Nf6+ Kh8 21.Ng5 h6 22.Qh5 Ncxe5 23.Nxd7 Qxd7
24.Bxe5 f6 25.Nf7+ Kh7 26.Bxa8 Rxa8 27.Bf4 Bf8 28.Re4 Kg8 29.Nxh6+ gxh6 30.Qg4+ Qg7
31.Qxe6+ Kh8 32.Rae1 Rd8 33.Qf5 Rb6 34.Qh5 Rb7 35.Kg2 Rf7 36.Re8 Rfd7 37.R1e6 Kh7
38.Rxd8 Rxd8 39.Qf5+ Qg6 40.Qxg6+ Kxg6 41.Rxa6 Kf7 42.Ra7+ Ke6 43.a4 Kf5
44.a5 Re8 45.a6 Re6 46.Ra8 Be7 47.a7 Ra6 48.Bxh6 Ke6 49.Bf4 f5 50.h5 Bf6
51.h6 Kf7 52.h7 Kg6 53.h8=Q Bxh8 54.Rxh8 Rxa7 55.Rc8 Ra5 56.Rc6+ Kf7 57.Bd6 Ke6
58.Bxc5+ Kd7 59.Rd6+ Kc7 60.Rd5 Rb5 61.Rxf5 Kc6 62.g4 Rxc5 63.Rxc5+ Kxc5
64.g5 Kd6 65.g6 Ke6 66.g7 Kf7 67.c5 Kxg7 68.c6 Kf6 69.c7  1-0

[Event "Women's Speed Chess Main"]
[Site "chess.com INT"]
[Date "2021.06.18"]
[Round "1.37"]
[White "Dzagnidze,N"]
[Black "Krush,I"]
[Result "1/2-1/2"]
[WhiteElo "2524"]
[BlackElo "2429"]

1.e4 c5 2.Nf3 d6 3.c3 Nf6 4.Bd3 Bg4 5.h3 Bxf3 6.Qxf3 Nc6 7.Qe2 g6 8.O-O Bg7
9.Bc2 O-O 10.Rd1 Nd7 11.d3 b5 12.Nd2 b4 13.Nf3 bxc3 14.bxc3 Bxc3 15.Rb1 Qa5
16.Bb3 Rab8 17.Bg5 e6 18.Bh6 Rfe8 19.Bf4 Nde5 20.Nxe5 Bxe5 21.Bxe5 Nxe5 22.d4 cxd4
23.Rxd4 Rb6 24.Rbd1 Qc5 25.Kh1 Nd7 26.Qd2 Nf6 27.f3 Rd8 28.Rd3 Nh5 29.Qe3 Qe5
30.Kg1 Nf4 31.R3d2 Kg7 32.Kf2 Rc8 33.Qd4 Rbc6 34.Qxe5+ dxe5 35.h4 h6 36.g3 g5
37.gxf4 exf4 38.Rd7 Kf6 39.Rxa7 Rc3 40.Rdd7 Re3 41.hxg5+ Ke5 42.gxh6 Rcc3
43.Rxf7 Rxf3+ 44.Ke2 Rfe3+ 45.Kf2 Rf3+ 46.Ke1 Rfe3+ 47.Kf2 Rf3+  1/2-1/2

[Event "Women's Speed Chess Main"]
[Site "chess.com INT"]
[Date "2021.06.18"]
[Round "1.36"]
[White "Krush,I"]
[Black "Dzagnidze,N"]
[Result "1-0"]
[WhiteElo "2429"]
[BlackElo "2524"]

1.Nf3 b6 2.g3 Bb7 3.Bg2 Nf6 4.O-O c5 5.c4 e6 6.Nc3 Be7 7.d4 cxd4 8.Qxd4 Nc6
9.Qf4 a6 10.Rd1 Qb8 11.b3 O-O 12.Qxb8 Rfxb8 13.Bf4 Rc8 14.Ne5 d5 15.cxd5 Nxe5
16.Bxe5 exd5 17.Nxd5 Nxd5 18.Bxd5 Bxd5 19.Rxd5 f6 20.Bf4 Rc2 21.Rd2 Rac8
22.Rad1 Kf7 23.h4 b5 24.h5 Ke6 25.Kg2 g5 26.hxg6 hxg6 27.g4 f5 28.Kf3 R8c6
29.e3 Rc8 30.Rd5 R8c5 31.R5d2 Rc6 32.g5 Rc8 33.Rd5  1-0

[Event "Women's Speed Chess Main"]
[Site "chess.com INT"]
[Date "2021.06.18"]
[Round "1.11"]
[White "Krush,I"]
[Black "Dzagnidze,N"]
[Result "0-1"]
[WhiteElo "2429"]
[BlackElo "2524"]

1.d4 Nf6 2.c4 e6 3.Nc3 Bb4 4.Qc2 O-O 5.a3 Bxc3+ 6.Qxc3 b6 7.Bg5 Bb7 8.f3 h6
9.Bh4 d6 10.e4 c5 11.d5 Nbd7 12.Bg3 exd5 13.cxd5 Re8 14.Be2 Qe7 15.Qd2 c4
16.Rd1 Nc5 17.Nh3 c3 18.Qxc3 Nfxe4 19.fxe4 Nxe4 20.Qe3 Qf6 21.Qf3 Nxg3 22.hxg3 Qxb2
23.O-O Rxe2 24.Qxf7+ Kh8 25.Nf4 Ba6 26.Ng6+ Kh7 27.Nf4 Re5 28.Qg6+ Kh8 29.Ne6 Re2
30.Kh1 Rxg2 31.Qxg7+ Qxg7 32.Nxg7 Bxf1 33.Rxf1 Rxg3 34.Nf5 Rg5 35.Nxd6 Rxd5
36.Ne4 Rg8  0-1

[Event "Women's Speed Chess Main"]
[Site "chess.com INT"]
[Date "2021.06.18"]
[Round "1.12"]
[White "Dzagnidze,N"]
[Black "Krush,I"]
[Result "0-1"]
[WhiteElo "2524"]
[BlackElo "2429"]

1.d4 d5 2.c4 dxc4 3.Nf3 Nf6 4.e3 b5 5.a4 b4 6.Nbd2 c3 7.bxc3 bxc3 8.Nc4 e6
9.Qc2 Bb4 10.a5 O-O 11.Ba3 c5 12.dxc5 Na6 13.Bxb4 Nxb4 14.Qxc3 Nfd5 15.Qd2 Na6
16.c6 Qc7 17.Rc1 Rd8 18.Be2 Rb8 19.O-O Nc5 20.Qa2 Ba6 21.Qa3 Nb3 22.Rc2 Qxc6
23.Nfe5 Qc5 24.Qxc5 Nxc5 25.Rfc1 Nb3 26.Re1 Rdc8 27.Kf1 Nxa5 28.Ra2 Bxc4
29.Rxa5 Bxe2+ 30.Kxe2 Rb7 31.Kf1 f6 32.Nf3 Rc2 33.Rea1 Rbb2 34.Nd4 Rxf2+
35.Ke1 Rxg2 36.Kf1 Nxe3+ 37.Ke1 Rg1+  0-1

[Event "Women's Speed Chess Main"]
[Site "chess.com INT"]
[Date "2021.06.18"]
[Round "1.13"]
[White "Krush,I"]
[Black "Dzagnidze,N"]
[Result "1/2-1/2"]
[WhiteElo "2429"]
[BlackElo "2524"]

1.d4 Nf6 2.c4 e6 3.Nc3 Bb4 4.Qc2 O-O 5.a3 Bxc3+ 6.Qxc3 b6 7.Bg5 Bb7 8.f3 d6
9.e4 h6 10.Be3 c5 11.Rd1 Qe7 12.dxc5 bxc5 13.e5 dxe5 14.Qxe5 Nbd7 15.Qd6 Qxd6
16.Rxd6 Rab8 17.Kd2 Rfc8 18.Kc2 Bc6 19.b3 Rb6 20.Rd3 Rcb8 21.Ne2 e5 22.Rc3 e4
23.f4 Ng4 24.Nc1 Nxe3+ 25.Rxe3 Nf6 26.Be2 a5 27.Kc3 a4 28.Bd1 axb3 29.Nxb3 Ra8
30.Nxc5 Rxa3+ 31.Kd4 Rxe3 32.Kxe3 Rb1 33.Re1 Ng4+ 34.Kd2 Nf2 35.Bc2 Rb2 36.Kc3 Rb8
37.Re2 Ng4 38.Bxe4 Be8 39.h3 Nf6 40.Bf3 Rc8 41.Nd3 Kf8 42.Kd4 Rd8+ 43.Kc3 Rc8
44.c5 Nd7 45.Rb2 Nxc5 46.Nxc5 Rxc5+ 47.Kd4 Rc8 48.Rb7 Rd8+ 49.Ke3 Bd7 50.Rc7 Be6
51.Kf2 g6 52.Kg3 Kg7 53.Ra7 Kf6 54.h4 g5 55.hxg5+ hxg5 56.fxg5+ Kxg5 57.Ra5+ Kf6
58.Ra7 Rg8+ 59.Kf2 Rg5 60.Rc7 Re5 61.Ra7 Rg5 62.Rc7 Re5 63.Ra7 Rg5  1/2-1/2

[Event "Women's Speed Chess Main"]
[Site "chess.com INT"]
[Date "2021.06.18"]
[Round "1.14"]
[White "Dzagnidze,N"]
[Black "Krush,I"]
[Result "1-0"]
[WhiteElo "2524"]
[BlackElo "2429"]

1.d4 d5 2.c4 dxc4 3.Nf3 Nf6 4.e3 b5 5.a4 b4 6.Bxc4 e6 7.b3 Bb7 8.Bb2 Be7
9.Nbd2 O-O 10.O-O c5 11.Be2 Nbd7 12.Nc4 cxd4 13.Nxd4 Nc5 14.Bf3 Nd5 15.Rc1 Rc8
16.g3 Bf6 17.e4 Bxd4 18.Bxd4 Nc3 19.Bxc3 bxc3 20.Nd6 Ba6 21.Nxc8 Qxc8 22.Rxc3 Bxf1
23.Qxf1  1-0

[Event "Women's Speed Chess Main"]
[Site "chess.com INT"]
[Date "2021.06.18"]
[Round "1.15"]
[White "Krush,I"]
[Black "Dzagnidze,N"]
[Result "0-1"]
[WhiteElo "2429"]
[BlackElo "2524"]

1.d4 Nf6 2.c4 e6 3.Nc3 Bb4 4.Qc2 O-O 5.a3 Bxc3+ 6.Qxc3 b6 7.Bg5 h6 8.Qf3 hxg5
9.Qxa8 Nc6 10.Nf3 Qe7 11.Ne5 Nxd4 12.O-O-O Qc5 13.e3 Nb5 14.Kb1 Ba6 15.Qf3 Nxa3+
16.bxa3 Qxe5 17.Qe2 Ne4 18.Qb2 Qxb2+ 19.Kxb2 Nxf2 20.Be2  0-1

[Event "Women's Speed Chess Main"]
[Site "chess.com INT"]
[Date "2021.06.18"]
[Round "1.16"]
[White "Dzagnidze,N"]
[Black "Krush,I"]
[Result "1-0"]
[WhiteElo "2524"]
[BlackElo "2429"]

1.d4 d5 2.Nf3 Nf6 3.c4 dxc4 4.e3 b5 5.a4 b4 6.Nbd2 c3 7.bxc3 bxc3 8.Nc4 e6
9.Qc2 Bb4 10.a5 O-O 11.Ba3 Na6 12.Bxb4 Nxb4 13.Qxc3 c5 14.dxc5 Nbd5 15.Qd4 Ba6
16.Be2 Qc7 17.Nd6 Bxe2 18.Kxe2 Rab8 19.Rhc1 Rb4 20.Rc4 Rfb8 21.h3 Rb2+ 22.Kf1 Rb1+
23.Rc1 R1b4 24.Qd3 Rb3 25.Qd2 Nd7 26.e4 N5f6 27.c6 Nf8 28.e5 Nd5 29.Nd4 Rb2
30.Rc2 Rb1+ 31.Rc1 R1b2 32.Qd3 Ng6 33.Nf3 R2b3 34.Qd4 R3b4 35.Qd3 Rb3 36.Qd1 Rxf3
37.Qxf3 Nxe5 38.Qa3 Nxc6 39.Qc5 Ndb4 40.Rab1 Qe7 41.Ne4  1-0

[Event "Women's Speed Chess Main"]
[Site "chess.com INT"]
[Date "2021.06.18"]
[Round "1.34"]
[White "Krush,I"]
[Black "Dzagnidze,N"]
[Result "1-0"]
[WhiteElo "2429"]
[BlackElo "2524"]

1.Nf3 Nf6 2.g3 b6 3.Bg2 Bb7 4.O-O e6 5.d3 d5 6.Nbd2 Be7 7.Qe1 c5 8.e4 Nc6
9.e5 Nd7 10.Qe2 O-O 11.h4 Rc8 12.Re1 Re8 13.c3 f6 14.exf6 Bxf6 15.Nf1 e5
16.N1h2 e4 17.dxe4 Rxe4 18.Qd1 Rxe1+ 19.Qxe1 Nde5 20.Bf4 Nd3 21.Qd2 Nxf4
22.Qxf4 Qc7 23.Qf5 Ne5 24.Re1 Nxf3+ 25.Bxf3 Rd8 26.Ng4 Qf7 27.h5 Bc8 28.Nxf6+ gxf6
29.Qf4 Be6 30.Bg4 Bxg4 31.Qxg4+ Kf8 32.h6 d4 33.cxd4 cxd4 34.Rd1 d3 35.Qb4+ Kg8
36.Qc3 Qg6 37.Qc7  1-0

[Event "Women's Speed Chess Main"]
[Site "chess.com INT"]
[Date "2021.06.18"]
[Round "1.21"]
[White "Dzagnidze,N"]
[Black "Krush,I"]
[Result "1-0"]
[WhiteElo "2524"]
[BlackElo "2429"]

1.d4 d5 2.Nf3 Nf6 3.c4 dxc4 4.e3 b5 5.a4 b4 6.Bxc4 e6 7.O-O Bb7 8.b3 Be7
9.Bb2 O-O 10.Nbd2 c5 11.Be2 Nbd7 12.Nc4 cxd4 13.Nxd4 Nc5 14.a5 Rc8 15.Bf3 Nd5
16.Rc1 a6 17.g3 Qc7 18.Bg2 Rfd8 19.Qe2 Bf6 20.Bxd5 Bxd5 21.Nb6 Ra8 22.Qc2 Be7
23.f3 Rab8 24.e4 Bb7 25.Rfd1 Bf8 26.Kg2 Qe7 27.Ne2 Nd7 28.Nc4 Rbc8 29.Rd2 Nc5
30.Rcd1 Bc6 31.Nb6 Rb8 32.Rxd8 Rxd8 33.Rxd8 Qxd8 34.Bd4 Qd6 35.Nc8 Qc7 36.Bxc5 Qxc8
37.Bxf8 Kxf8 38.Qc5+ Ke8 39.Nd4 Bd7 40.Qxb4 f6 41.Qd6 Qc3 42.g4 Qd2+ 43.Kg3 e5
44.Nf5  1-0

[Event "Women's Speed Chess Main"]
[Site "chess.com INT"]
[Date "2021.06.18"]
[Round "1.22"]
[White "Krush,I"]
[Black "Dzagnidze,N"]
[Result "0-1"]
[WhiteElo "2429"]
[BlackElo "2524"]

1.Nf3 Nf6 2.g3 g6 3.Bg2 Bg7 4.O-O O-O 5.d4 d5 6.c4 dxc4 7.Na3 Nc6 8.Nxc4 Bg4
9.e3 Nd5 10.h3 Bc8 11.e4 Nb6 12.Nxb6 axb6 13.d5 Nb4 14.a3 c6 15.Bg5 h6 16.Be3 Na6
17.dxc6 Qxd1 18.Raxd1 bxc6 19.Nd4 Bb7 20.Rd2 Rfd8 21.Rfd1 Nc5 22.f4 Na4 23.e5 Rdc8
24.Ne2 e6 25.Kf2 Bf8 26.h4 Ba6 27.Nc1 Bc5 28.Rd7 Bxe3+ 29.Kxe3 Nc5 30.R7d6 Bb5
31.Ne2 Nb7 32.Rd7 Nc5 33.R7d6 Nb7 34.R6d2 Nc5 35.Nd4 Ba4 36.Rc1 Kg7 37.Rc3 Rd8
38.b3 Bb5 39.a4 Ba6 40.Nxc6 Rxd2 41.Kxd2 Rc8 42.Nd4 Rd8 43.Ke3 g5 44.hxg5 hxg5
45.Bf3 gxf4+ 46.gxf4 Kg6 47.Rc1 Kg7 48.Rg1+ Kf8 49.Ra1 Bb7 50.Rb1 Bxf3 51.Nxf3 Rd3+
52.Ke2 Rxb3 53.Rxb3 Nxb3 54.Nd4 Nc5 55.Nb5 Nxa4 56.Nd6 Nc5 57.Ke3 Kg7 58.Kd4 Kg6
59.Nc8 Nd7 60.Ne7+ Kh5 61.Ke4 Kg4 62.Ng8 Nc5+ 63.Ke3 b5 64.Nh6+ Kg3 65.Nxf7 b4
66.Nd6 b3 67.Nc4 Kg4 68.Kd4 Na4 69.Kd3 Kxf4 70.Kd4 Kf5 71.Kd3 b2 72.Kc2 Ke4
73.Nxb2 Nxb2 74.Kxb2 Kxe5 75.Kc2 Ke4 76.Kd2 Kf4  0-1

[Event "Women's Speed Chess Main"]
[Site "chess.com INT"]
[Date "2021.06.18"]
[Round "1.35"]
[White "Dzagnidze,N"]
[Black "Krush,I"]
[Result "1/2-1/2"]
[WhiteElo "2524"]
[BlackElo "2429"]

1.d4 d5 2.Nf3 Nf6 3.Bf4 c5 4.e3 Nc6 5.dxc5 e6 6.a3 Bxc5 7.c4 O-O 8.Nc3 a6
9.cxd5 exd5 10.Be2 d4 11.exd4 Nxd4 12.Nxd4 Bxd4 13.O-O Qb6 14.Na4 Qa7 15.Bf3 Rd8
16.Qb3 b5 17.Nc3 Be6 18.Qc2 Rac8 19.Rad1 h6 20.h3 Nd5 21.Bxd5 Bxd5 22.Qf5 Be6
23.Qe4 Rc4 24.Be3 Rd7 25.Bxd4 Rcxd4 26.Qe3 Rxd1 27.Rxd1 Qxe3 28.fxe3 Rxd1+
29.Nxd1 Kf8 30.Kf2 Ke7 31.Nc3 Kd6 32.b4 Ke5 33.Kf3 Bd5+ 34.Kf2 f5 35.h4 g5
36.hxg5 hxg5 37.g3 Be4 38.Ke2 Bd5 39.Kf2 Bc4 40.Kf3 Bd5+ 41.Kf2  1/2-1/2

[Event "Women's Speed Chess Main"]
[Site "chess.com INT"]
[Date "2021.06.18"]
[Round "1.23"]
[White "Dzagnidze,N"]
[Black "Krush,I"]
[Result "0-1"]
[WhiteElo "2524"]
[BlackElo "2429"]

1.c4 c5 2.Nc3 Nc6 3.Nf3 g6 4.g3 Bg7 5.Bg2 d6 6.O-O Bf5 7.d3 Qd7 8.Re1 h5
9.h4 Nf6 10.Rb1 O-O 11.a3 a5 12.Bg5 Rab8 13.Qd2 Rfe8 14.Nd5 b5 15.b3 b4 16.Bxf6 Bxf6
17.Nxf6+ exf6 18.a4 Ne5 19.Rbd1 Ng4 20.d4 Qe7 21.e3 Rbd8 22.Nh2 Be4 23.f3 Nxh2
24.Kxh2 Bb7 25.e4 Kg7 26.Re3 f5 27.Rde1 f4 28.R3e2 fxg3+ 29.Kxg3 cxd4 30.Qxd4+ Qe5+
31.Qxe5+ dxe5 32.Re3 Rd2 33.R1e2 Rd1 34.Re1 Rd4 35.Bf1 Red8 36.Kf2 Rd2+ 37.R3e2 R2d3
38.Re3 R3d4 39.Rc1 Kf6 40.c5 Bc6 41.Bb5 Rc8 42.Bxc6 Rxc6 43.Ke2 Ke6 44.Rd3 f6
45.Rxd4 exd4 46.Kd3 Ke5 47.f4+ Kxf4 48.Kxd4 Rc8 49.c6 g5 50.hxg5 fxg5 51.e5 h4
52.e6 h3 53.e7 h2 54.c7 g4 55.Kd5 g3 56.Rc4+ Kf3 57.Rc1 g2 58.Kd6 g1=Q 59.Rxg1 hxg1=Q
60.Kd7 Qg4+  0-1

[Event "Women's Speed Chess Main"]
[Site "chess.com INT"]
[Date "2021.06.18"]
[Round "1.24"]
[White "Krush,I"]
[Black "Dzagnidze,N"]
[Result "1-0"]
[WhiteElo "2429"]
[BlackElo "2524"]

1.Nf3 c5 2.g3 Nc6 3.Bg2 g6 4.O-O Bg7 5.d3 d5 6.Nbd2 Nf6 7.e4 O-O 8.Re1 e5
9.exd5 Nxd5 10.Nc4 Re8 11.a4 f6 12.c3 Kh8 13.Be3 Nxe3 14.Nxe3 Be6 15.Qc2 Qd7
16.Nd2 Rad8 17.Ne4 b6 18.Rad1 f5 19.Ng5 Bg8 20.Nc4 Qc7 21.b3 h6 22.Nf3 g5
23.Re2 Bh7 24.Qc1 Re7 25.h3 Rde8 26.Rde1 Bf6 27.h4 g4 28.Nfd2 Kg7 29.Nf1 Qd7
30.Nfe3 Re6 31.Nd5 Bd8 32.Nce3 Bg6 33.h5 Bh7 34.Nc4 Bg8 35.Nce3 Rd6 36.c4 Nd4
37.Rd2 Bh7 38.Rdd1 Qf7 39.Nc2 Qxh5 40.Nxd4 cxd4 41.Qb2 Qg5 42.b4 h5 43.c5 Rh6
44.cxb6 axb6 45.b5 h4 46.Qd2 hxg3 47.fxg3  1-0

[Event "Women's Speed Chess Main"]
[Site "chess.com INT"]
[Date "2021.06.18"]
[Round "1.25"]
[White "Dzagnidze,N"]
[Black "Krush,I"]
[Result "1-0"]
[WhiteElo "2524"]
[BlackElo "2429"]

1.d4 d5 2.Nf3 Nf6 3.Bf4 c5 4.e3 Nc6 5.c3 Qb6 6.Qb3 c4 7.Qc2 Bf5 8.Qc1 e6
9.Nbd2 Nh5 10.Be2 Nxf4 11.exf4 Qc7 12.g3 Be7 13.O-O O-O 14.Re1 h6 15.Ne5 b5
16.Bf3 Rab8 17.b3 Nxe5 18.Rxe5 Bd3 19.Re3 Rfc8 20.Bg2 a5 21.Nf3 Be4 22.Ne5 Bxg2
23.Kxg2 b4 24.Rb1 cxb3 25.Rxb3 a4 26.Rb1 b3 27.axb3 Rxb3 28.Ra1 a3 29.Ra2 Rxc3
30.Rxc3 Qxc3 31.Qd1 Rb8 32.Qh5 Rf8 33.Qd1 Bd6 34.Qa4 f6 35.Qd7 fxe5 36.Qxe6+ Kh8
37.Qxd6 Rc8 38.Rxa3 Qxd4 39.Qxe5 Qc5 40.Rd3 Rd8 41.Qd4 Qc6 42.Re3 Qb7 43.Re6 Rc8
44.Rxh6+ Kg8 45.Rd6 Re8 46.Qxd5+ Qxd5+ 47.Rxd5 Kf7 48.Re5 Rd8 49.h4 Rd2 50.h5 Kf6
51.g4 Rb2 52.Kg3 Kf7 53.f3 Rb1 54.Rd5 Rh1 55.f5 Kf6 56.Kf4 Kf7 57.Rd6 Kg8
58.Kg5 Ra1 59.f4 Ra8 60.Rg6 Kh7 61.h6 gxh6+ 62.Rxh6+ Kg7 63.f6+ Kf7 64.Rh7+ Ke6
65.Rg7 Rf8 66.Re7+ Kd6 67.f5 Rg8+ 68.Rg7 Rf8 69.Kg6 Ke5 70.Re7+ Kf4 71.f7 Rb8
72.Re8 Rb6+ 73.f6 Kxg4 74.f8=Q Rb5 75.Qe7 Rg5+ 76.Kf7  1-0

[Event "Women's Speed Chess Main"]
[Site "chess.com INT"]
[Date "2021.06.18"]
[Round "1.26"]
[White "Krush,I"]
[Black "Dzagnidze,N"]
[Result "1-0"]
[WhiteElo "2429"]
[BlackElo "2524"]

1.Nf3 Nf6 2.g3 d5 3.Bg2 c6 4.O-O Bg4 5.d3 e6 6.Nbd2 Be7 7.h3 Bh5 8.e4 O-O
9.Qe2 Na6 10.b3 Nb4 11.c3 dxe4 12.dxe4 Nd3 13.Rd1 Nxc1 14.Raxc1 Qc7 15.e5 Nd7
16.Nc4 Rad8 17.g4 Bg6 18.a4 Nc5 19.Nd4 Bg5 20.Ra1 Bf4 21.b4 Nd7 22.Re1 Nb6
23.Qf3 Nxc4 24.Qxf4 Nb2 25.Qg3 Rfe8 26.h4 h6 27.h5 Bh7 28.g5 hxg5 29.Qxg5 Kh8
30.Kh2 Nc4 31.f4 Qe7 32.Qg4 Rd7 33.Bf3 Rg8 34.Rg1 Nd2 35.Bh1 Nc4 36.Rg3 c5
37.bxc5 Qxc5 38.Rag1 Rxd4 39.h6 g5 40.Qh5 Rxf4 41.Rxg5 Bg6 42.Qh3  1-0

[Event "Women's Speed Chess Main"]
[Site "chess.com INT"]
[Date "2021.06.18"]
[Round "1.31"]
[White "Dzagnidze,N"]
[Black "Krush,I"]
[Result "1-0"]
[WhiteElo "2524"]
[BlackElo "2429"]

1.d4 d5 2.Nf3 Nf6 3.c4 dxc4 4.e3 b5 5.a4 b4 6.Bxc4 e6 7.O-O Bb7 8.b3 Be7
9.Bb2 O-O 10.Nbd2 c5 11.Rc1 cxd4 12.Nxd4 Nbd7 13.Be2 Nc5 14.Nc4 Rc8 15.Bf3 Nd5
16.g3 a6 17.a5 Qc7 18.e4 Nc3 19.Bxc3 bxc3 20.Qe2 Nxb3 21.Nxb3 Qxc4 22.Qc2 Rfd8
23.Rfd1 Bb4 24.Bg2 h6 25.f3 Bc6 26.Bf1 Bc5+ 27.Kg2 Qb4 28.Rxd8+ Rxd8 29.Qxc3 Be7
30.Qxb4 Bxb4 31.Rxc6 Rd1 32.Bxa6 Rb1 33.Bc4 Rb2+ 34.Kf1 Rb1+ 35.Ke2 Rb2+
36.Kd3 Rxh2 37.a6 Ra2 38.Rc7 g5 39.Rb7 Bd6 40.a7 Kg7 41.Nd4 Kf6 42.Bxa2  1-0

[Event "Women's Speed Chess Main"]
[Site "chess.com INT"]
[Date "2021.06.18"]
[Round "1.32"]
[White "Krush,I"]
[Black "Dzagnidze,N"]
[Result "1-0"]
[WhiteElo "2429"]
[BlackElo "2524"]

1.d4 Nf6 2.Nf3 e6 3.e3 b6 4.Bd3 Bb7 5.O-O d5 6.b3 Bd6 7.Bb2 O-O 8.Nbd2 c5
9.Ne5 Nc6 10.f4 Rc8 11.a3 Ne7 12.Qf3 a6 13.g4 b5 14.g5 Ne8 15.dxc5 Bxc5 16.Bd4 Bxd4
17.exd4 f6 18.Qh3 f5 19.g6 Nxg6 20.Nxg6 hxg6 21.Nf3 Qb6 22.Rae1 Nf6 23.Kh1 Ne4
24.Bxe4 fxe4 25.Ng5 Rxc2 26.Qh7+  1-0

[Event "Women's Speed Chess Main"]
[Site "chess.com INT"]
[Date "2021.06.18"]
[Round "1.33"]
[White "Dzagnidze,N"]
[Black "Krush,I"]
[Result "1-0"]
[WhiteElo "2524"]
[BlackElo "2429"]

1.c4 c5 2.Nf3 Nc6 3.Nc3 g6 4.d4 cxd4 5.Nxd4 Bg7 6.e3 Nf6 7.Be2 O-O 8.b3 Nxd4
9.exd4 d5 10.O-O Be6 11.c5 Ne4 12.Bb2 b6 13.b4 bxc5 14.bxc5 Rb8 15.Nxe4 Rxb2
16.Ng5 Bf5 17.Bd3 Bxd3 18.Qxd3 Qa5 19.Nf3 Rxa2 20.Rxa2 Qxa2 21.h3 e6 22.Rb1 a5
23.Rb7 a4 24.Ra7 Qa1+ 25.Kh2 Qa2 26.Kg3 Qb3 27.Qxb3 axb3 28.Rb7 Rc8 29.Rxb3 f6
30.Kf4 e5+ 31.Ke3 e4 32.Ne1 f5 33.g3 Bh6+ 34.Ke2 f4 35.gxf4 Bxf4 36.Nc2 Ra8
37.Ne3 Ra2+ 38.Kf1 Kg7 39.Nxd5 Bg5 40.Rc3 Bd8 41.c6 Ba5 42.c7 Bxc7 43.Rxc7+ Kh6
44.Ne3 Rd2 45.d5 Rd3 46.Kg2 Kg5 47.Rd7 h5 48.Re7 Kf4 49.Rf7+ Ke5 50.h4 g5
51.hxg5 Kd4 52.g6 Kc3 53.g7 Kd2 54.g8=Q Ke2 55.Qg5 Rd4 56.Qxh5+ Ke1 57.Qg4 Rd2
58.Qf4  1-0

[Event "Online Olym Top DivD 2021"]
[Site "chess.com INT"]
[Date "2021.09.08"]
[Round "2.2"]
[White "Terao,J"]
[Black "Krush,I"]
[Result "1-0"]
[WhiteElo "2252"]
[BlackElo "2429"]

1.e4 c5 2.c3 d5 3.exd5 Qxd5 4.d4 Nf6 5.Nf3 e6 6.Bd3 Be7 7.O-O O-O 8.Qe2 cxd4
9.cxd4 Nc6 10.Rd1 Rd8 11.Nc3 Qh5 12.Bf4 Nb4 13.Bc4 Nbd5 14.Be5 b6 15.Bxf6 Bxf6
16.Nxd5 exd5 17.Ne5 Qxe2 18.Bxe2 Bf5 19.g4 Be6 20.f4 g6 21.Rac1 Bg7 22.Bf3 f6
23.Nc6 Re8 24.Nb4 Rad8 25.Kg2 Bf8 26.Na6 Bf7 27.Rc7 Bd6 28.Rxa7 Bxf4 29.Rb7 Rc8
30.Nb4 g5 31.Rxb6 Kg7 32.Rb7 Kg6 33.Rb6 Rb8 34.Rxb8 Rxb8 35.a3 Bd6 36.Nd3 Rb3
37.Rd2 h5 38.h3 h4 39.Nc5 Rb8 40.b4 f5 41.gxf5+ Kxf5 42.Bg4+ Kg6 43.Rb2 Be8
44.Re2 Bf4 45.Re6+ Kg7 46.Re7+ Kh8 47.Bf5 Bb5 48.Rh7+ Kg8 49.Ra7 Rf8 50.Be6+ Kh8
51.Bxd5 Be3 52.Rf7 Re8 53.Ne6 Rc8 54.Kf3 Rc3 55.Kg4 Rxa3 56.Rf8+ Kh7 57.Be4+ Kh6
58.Rh8+  1-0

[Event "Online Olym Top DivD 2021"]
[Site "chess.com INT"]
[Date "2021.09.08"]
[Round "3.4"]
[White "Krush,I"]
[Black "Ratsma,Rosa"]
[Result "1-0"]
[WhiteElo "2429"]
[BlackElo "2306"]

1.c4 Nf6 2.Nc3 e6 3.Nf3 d5 4.e3 Bd6 5.d4 b6 6.Bd3 O-O 7.O-O Bb7 8.Qe2 Ne4
9.Nd2 f5 10.f4 Nd7 11.Nf3 c5 12.Bd2 Rc8 13.Be1 a6 14.Bh4 Qc7 15.Rac1 cxd4
16.Nxd4 Qb8 17.Nxe6 Rfe8 18.Nd4 Nxc3 19.bxc3 Bxf4 20.Rxf4 Qxf4 21.exf4 Rxe2
22.Bxe2 dxc4 23.Nxf5  1-0

[Event "Online Olym Top DivD 2021"]
[Site "chess.com INT"]
[Date "2021.09.09"]
[Round "4.3"]
[White "Head,Louise"]
[Black "Krush,I"]
[Result "0-1"]
[WhiteElo "2090"]
[BlackElo "2429"]

1.d4 d5 2.c4 dxc4 3.e3 Nf6 4.Bxc4 e6 5.Qe2 a6 6.Nf3 b5 7.Bd3 c5 8.a4 b4 9.Nbd2 Nbd7
10.O-O Bb7 11.Nb3 cxd4 12.exd4 Bd6 13.Bg5 h6 14.Bh4 Qb8 15.Bg3 Bxg3 16.hxg3 a5
17.Rac1 O-O 18.Nc5 Bxf3 19.gxf3 Qd6 20.Rfd1 Rfc8 21.Ne4 Qb6 22.Bc4 Rc7 23.b3 Rac8
24.Ra1 Nd5 25.Rd2 N7f6 26.Re1 Rd8 27.Nc5 Nc3 28.Qe5 Nfd5 29.f4 Re7 30.Qh5 Qd6
31.f5 exf5 32.Rxe7 Qxe7 33.Nd3 Qg5 34.Qxg5 hxg5 35.Ne5 Rd6 36.Kg2 f6 37.Nd3 Kf8
38.Nc5 Ne4 39.Rd1 Nxc5 40.dxc5 Ne3+ 41.fxe3 Rxd1 42.c6 Ke7 43.c7 Kd7 44.Be6+ Kxc7
45.Bxf5 Kd6 46.Bg6 Ke5 47.Kf3 Rd2 48.g4 Rb2 49.Bf7 g6 50.Bc4 f5 51.Bf7 f4
52.Bc4 Rc2 53.exf4+ gxf4 54.g5 Rxc4 55.bxc4 b3  0-1

[Event "Online Olym Top DivD 2021"]
[Site "chess.com INT"]
[Date "2021.09.09"]
[Round "5.3"]
[White "Krush,I"]
[Black "Caglar,Sila"]
[Result "1/2-1/2"]
[WhiteElo "2429"]
[BlackElo "2250"]

1.d4 Nf6 2.c4 e6 3.Nc3 d5 4.cxd5 exd5 5.Bg5 Be7 6.e3 O-O 7.Bd3 c6 8.Qc2 h6
9.Bf4 Na6 10.a3 Nc7 11.Nf3 b6 12.O-O Bb7 13.Rfd1 Rc8 14.Bf5 Ne6 15.Be5 c5
16.dxc5 Rxc5 17.Nd4 Ng5 18.Qe2 Bd6 19.Bxd6 Qxd6 20.h4 Nge4 21.Bxe4 Nxe4 22.Nxe4 dxe4
23.b4 Rd5 24.Rac1 a5 25.Qb2 Qf6 26.g3 Bc8 27.Qb3 Rfd8 28.Rxc8 Rxd4 29.Rxd8+ Rxd8
30.Rxd8+ Qxd8 31.bxa5 bxa5 32.Qa4 Qd5 33.Qe8+ Kh7 34.a4 Qd1+ 35.Kg2 Qf3+
36.Kg1 Qd1+ 37.Kg2 Qf3+ 38.Kg1 Qd1+  1/2-1/2

[Event "Online Olym Top DivD 2021"]
[Site "chess.com INT"]
[Date "2021.09.10"]
[Round "8.5"]
[White "Zawadzka,J"]
[Black "Krush,I"]
[Result "1/2-1/2"]
[WhiteElo "2407"]
[BlackElo "2429"]

1.e4 c5 2.Nf3 d6 3.Bb5+ Nd7 4.Ba4 Nf6 5.O-O a6 6.c4 e5 7.Nc3 Be7 8.d3 O-O
9.a3 Qc7 10.Bd2 b6 11.b4 Nb8 12.Rb1 Be6 13.h3 h6 14.Nh2 Nc6 15.bxc5 bxc5
16.Nd5 Bxd5 17.cxd5 Nd4 18.Nf3 Nxf3+ 19.Qxf3 Rab8 20.Bc6 Rxb1 21.Rxb1 Rb8
22.Qd1 Rb6 23.Qc2 Qb8 24.Rxb6 Qxb6 25.Bc3 Bd8 26.g3 Kf8 27.Kg2 Ke7 28.f4 Bc7
29.Kf3 c4 30.fxe5 dxe5 31.Bb4+ Kd8 32.Qf2 cxd3 33.Qxb6 Bxb6 34.Bb7 a5 35.Bd2 Nd7
36.Ba6 Nc5 37.Bc4 Ke7 38.g4 Kd6 39.h4 f6 40.Be3 Bd8 41.Bxc5+ Kxc5 42.Bxd3 Kd4
43.Bb5 Be7 44.a4 Bb4  1/2-1/2

[Event "Online Olym Top DivD 2021"]
[Site "chess.com INT"]
[Date "2021.09.10"]
[Round "9.1"]
[White "Krush,I"]
[Black "Rivera,I"]
[Result "1-0"]
[WhiteElo "2429"]
[BlackElo "2249"]

1.d4 Nf6 2.c4 g6 3.Nc3 Bg7 4.e4 d6 5.Nf3 O-O 6.Be2 e5 7.d5 Nbd7 8.Qc2 a5
9.h3 Nc5 10.Bg5 c6 11.Nd2 Bd7 12.O-O Qc7 13.Rac1 Kh8 14.Nb3 Na6 15.Qd2 Ng8
16.dxc6 bxc6 17.Rfd1 f5 18.Qxd6 Be8 19.Qxc7 Nxc7 20.Nc5 Nf6 21.f3 h6 22.Be3 Rf7
23.Rd2 Nh5 24.Rcd1 Nf4 25.Rd8 Rxd8 26.Rxd8 Kh7 27.Bd1 Bf6 28.Rc8 Bg5 29.Bf2 Nce6
30.Nxe6 Nxe6 31.Rxe8  1-0